000 00287nam a22001217a 4500
999 _c65008
_d65005
082 _a297.5
100 _aS. Y. Hashimy
245 _aIslam As An Ethical and A Political
250 _a second editioon
260 _aLahore
_bIslamic Book Service
_c1977
300 _a117 p.
942 _cBK